000 00642nam a2200205 u 4500
005 20230218063633.0
008 150805s2006 es r 000 0 spa d
020 _a8466751947
035 _aUPN01000204869
049 _aI
050 4 _aHM1271
_bG8.3
100 1 _aGuilloppé, Antoine
_937734
245 1 1 _a¿Cuál es mi color? /
_cAntoine Guilloppé ; il. GéraldineAlibeu ; tr. Ana Rey Kochinke.
260 _aMadrid :
_bAnaya,
_c2006.
300 _a[36] p. :
_bprincipalmente il. col.
440 0 _aSopa de libros ;
_v112
650 4 _aMulticulturalismo
_95798
650 7 _aLibros ilustrados para niños
_2
_921365
905 _aInfantil
999 _c176970
_d176970